| Tag |
First Indicator |
Second Indicator |
Subfields |
| LEADER |
00000cam a2200000Ia 4500 |
| 001 |
in00002003133 |
| 005 |
20151031142904.0 |
| 008 |
910909s1991 maua bm 000 0 eng d |
| 035 |
|
|
|a (OCoLC)ocm24347111
|
| 040 |
|
|
|a NSL
|c NSL
|d OCL
|d OCLCQ
|d TXA
|d UtOrBLW
|
| 049 |
|
|
|a TXAM
|
| 090 |
|
|
|a GC1
|b .W582 no. 91-15
|
| 100 |
1 |
|
|a Olson, Kirby S.
|
| 245 |
1 |
0 |
|a Developmental changes in the structure and function of lobster hemocyanin /
|c by Kirby S. Olson.
|
| 264 |
|
1 |
|a Woods Hole, Mass. :
|b Woods Hole Oceanographic Institution ;
|a Cambridge, Mass. :
|b Massachusetts Institute of Technology,
|c 1991.
|
| 300 |
|
|
|a 202 pages :
|b illustrations ;
|c 28 cm.
|
| 336 |
|
|
|a text
|b txt
|2 rdacontent
|
| 337 |
|
|
|a unmediated
|b n
|2 rdamedia
|
| 338 |
|
|
|a volume
|b nc
|2 rdacarrier
|
| 490 |
1 |
|
|a WHOI ;
|v 91-15.
|a Doctoral dissertation
|
| 500 |
|
|
|a "February 1991."
|
| 500 |
|
|
|a "Joint Program in Oceanography and Oceanographic Engineering"--Cover.
|
| 502 |
|
|
|b Ph. D.
|c Massachusetts Institute of Technology and Woods Hole Oceanographic Institution
|d 1991.
|
| 536 |
|
|
|a "Funding was provided by the NOAA Saltonstall-Kennedy Project under Grant NA89-EA-D00014, and NOAA Grant No. NA87-AA-D-0M093."
|
| 504 |
|
|
|a Includes bibliographical references (pages 193-201).
|
| 650 |
|
0 |
|a Hemocyanin.
|
| 650 |
|
0 |
|a Lobsters.
|
| 710 |
2 |
|
|a Woods Hole Oceanographic Institution.
|
| 710 |
2 |
|
|a Massachusetts Institute of Technology.
|
| 830 |
|
0 |
|a Woods Hole Oceanographic Institution (Series) ;
|v no. 91-15.
|
| 830 |
|
0 |
|a Woods Hole Oceanographic Institution (Series).
|p Doctoral dissertation.
|
| 948 |
|
|
|a cataloged
|b h
|c 2004/11/18
|d c
|e mphillip
|f 6:30:24 pm
|
| 994 |
|
|
|a E0
|b TXA
|
| 999 |
|
|
|a MARS
|
| 999 |
f |
f |
|s 54fca115-9e48-3194-967e-e2135227dd07
|i e8c8558a-7c49-38ba-a46c-92286ba78cf7
|t 0
|
| 952 |
f |
f |
|p ric
|a Texas A&M University
|b Rellis Campus
|c Joint Library Facility
|d Remote Storage
|t 0
|e GC1 .W582 no.91-15
|h Library of Congress classification
|i unmediated -- volume
|m A14831608236
|
| 998 |
f |
f |
|a GC1 .W582 no.91-15
|t 0
|l Remote Storage
|